India Geography A-Z - Statistics

General Stats
  • This quiz has been taken 16 times
  • The average score is 15 of 24
Answer Stats
Hint Answer % Correct
City in south India with Charminar, Ramoji Film City, and Golconda Fort; sharing a name with a Sindhi city; capital of a state formed in 2014: H___________ Hyderabad
92%
River in Northeast known as Yarlung Tsangpo/Zangbo in China: B_____________ Brahmaputra
85%
Most populated city of Madhya Pradesh and the cleanest city of India: I_______ Indore
85%
Spiritual city (city of Shiva) in Uttar Pradesh along the Ganga/es, known for its Kashi Vishwanath Temple: V________ Varanasi
85%
State with the origin of the Kaveri River, Vijayanagara remnants; and the cities of Mangaluru, Mysuru and the capital of Bengaluru: K___________ Karnataka
77%
River that merges with the Ganga/es at Prayagraj, Uttar Pradesh: Y________ Yamuna
77%
State with cities of Guwahati, Silchar, and Dibrugarh: A______ Assam
69%
India's second longest river, beginning near Nashik in Maharashtra, flowing through Telangana, and ending in Andhra Pradesh: G__________ Godavari
69%
City in Gujarat along the Tapi River; known for massive textile industry and world’s largest diamond cutting and polishing center: S_____ Surat
69%
"White City" in Rajasthan: U_______ Udaipur
69%
City in northwest Tamil Nadu on the Noyyal River: C___________ Coimbatore
62%
Capital of Uttarakhand: D________ Dehradun
62%
UNESCO WHS in Maharashtra with 34 caves: E______ Caves Ellora
62%
State with the Garo, Khasi, Jaintia Hills (west to east); Nohkalikai Falls; Mawsynram (wettest place on Earth); and the capital at Shillong: M____________ Meghalaya
62%
State with the city of Dimapur and the capital of Kohima: N__________ Nagaland
62%
Capital of Chhattisgarh: R_______ Raipur
62%
Most populated city of Haryana: F__________ Faridabad
54%
City in the state of Jharkhand with Asia's first integrated steel plant, Tata Steel: J___________ Jamshedpur
54%
Capital of Ladakh: L___ Leh
54%
Famous hill station in the Nilgiri Hills of Tamilnadu with large tea plantations: O____ Ooty
54%
Coastal city in Odisha with Jagannath Temple, sharing its name with a street food: P___ Puri
54%
UNESCO WHS tower in Delhi, made of red sandstone and marble as a victory monument for the Ghurids: Q____ Minar Qutb/ Qutub
54%
Large lake in Jammu and Kashmir fed by the Jhelum river: W_____ Wular
46%
Primary river of Sikkim that flows into the Jamuna/ B river: T_______ Teesta/ Tista
23%
No matching quizzes found
Score Distribution
Percent of People with Each Score
Percentile by Number Answered
Your Score History
You have not taken this quiz